Joueurs du PSG par numéro saison 2017/2018 - Statistiques

Statistiques générales
  • Ce quiz a été pris 59 fois
    46 depuis la dernière actualisation
  • Le résultat moyen est 13 sur 26
Statistiques - réponses
Hint Réponse % Correct
16 Alphonse Areola
93%
30 Kevin Trapp
88%
5 Marquinhos
81%
7 Kylian Mbappé
79%
6 Marco Verratti
79%
2 Thiago Silva
79%
9 Edinson Cavani
74%
11 Angel Di Maria
69%
10 Neymar Jr
69%
3 Presnel Kimpembe
69%
8 Thiago Motta
69%
25 Adrien Rabiot
55%
27 Javier Pastore
55%
20 Layvin Kurzawa
55%
12 Thomas Meunier
52%
32 Dani Alves
48%
23 Julian Draxler
40%
17 Yuri Berchiche
38%
18 Giovanni Lo Celso
36%
24 Christopher Nkunku
29%
21 Hatem Ben Arfa
19%
35 Jesé Rodriguez
19%
17 Gonçalo Guedes
14%
19 Lassana Diarra
14%
1 Rémy Descamps
12%
31 Alec Georgen
0%
Aucun quiz correspondant
Distribution des résultats
% des personnes avec chaque résultat
Percentile par nombre de réponses
Votre historique - résultats
Vous n’avez pas pris ce quiz depuis la dernière actualisation